000
00215 a2200097 4500
001
30444
100
_a
Robinson, Anne
245
_a
Press and Cons
260
_a
_b
Routledge and Kegan Paul
_c
090
_c
20388
_d
20388
942
_a
NUST-CAE
_c
M
_c
11545
999
_c
265517
_d
265517